[Event "Mlada Boleslav op"]
[Site "Mlada Boleslav"]
[Date "1992.??.??"]
[Round "7"]
[White "Novotny, Jaroslav"]
[Black "Belaska, Premysl"]
[Result "1/2-1/2"]
[WhiteElo "2240"]
[BlackElo "2265"]

1.e4 c5 2.Nf3 d6 3.d4 cxd4 4.Nxd4 Nf6 5.Nc3 a6 6.Be3 e6 7.Qd2 Be7 8.f3 Qc7
9.O-O-O Nc6 10.g4 h6 11.h4 b5 12.Nxc6 Qxc6 13.Bd3 Nd7 14.Kb1 Ne5 15.Qg2 Bb7
16.Ne2 O-O-O 17.g5 h5 18.Nd4 Qc7 19.g6 Nxg6 20.Nxe6 Nxh4 21.Rxh4 fxe6 22.Rh3 Bf6
23.Qf2 Rdf8 24.f4 d5 25.Bb6 Qd7 26.Be2 g6 27.e5 Bd8 28.a4  1/2-1/2

[Event "Moscow-ch"]
[Site "Moscow"]
[Date "1992.??.??"]
[Round "?"]
[White "Zhurov, Sergey"]
[Black "Dragomarezkij, Evgeni"]
[Result "0-1"]
[WhiteElo "2345"]
[BlackElo "2435"]

1.e4 c5 2.Nf3 d6 3.d4 cxd4 4.Nxd4 Nf6 5.Nc3 a6 6.Be3 e5 7.Nb3 Be6 8.f4 exf4
9.Bxf4 Nc6 10.Nd4 Qd7 11.Be2 Be7 12.O-O Nxd4 13.Qxd4 O-O 14.Rad1 Rad8 15.Qb6 d5
16.Kh1 Qc8 17.exd5 Nxd5 18.Nxd5 Bxd5 19.Bd3 Bc6 20.Qf2 Bf6 21.Bc1 Qg4 22.Rde1 Rfe8
23.Re2 h5 24.Rfe1 Bh4 25.Rxe8+ Bxe8 26.g3 Bc6+ 27.Kg1 Bf6 28.Qf5 Bd4+ 29.Kf1 g6
30.Qxg4 hxg4 31.Be4 Bb5+ 32.Kg2 Re8 33.c3 Ba7 34.Bd2 Rxe4  0-1

[Event "Alekhine op"]
[Site "Moscow"]
[Date "1992.??.??"]
[Round "?"]
[White "Eismont, Oleg"]
[Black "Rashkovsky, Nukhim N"]
[Result "0-1"]
[WhiteElo "2410"]
[BlackElo "2530"]

1.e4 c5 2.Nf3 d6 3.d4 cxd4 4.Nxd4 Nf6 5.Nc3 a6 6.Be3 Ng4 7.Bg5 h6 8.Bh4 g5
9.Be2 Bg7 10.Bg3 h5 11.h4 gxh4 12.Bxh4 Nc6 13.Nb3 Be6 14.Qd2 Qb6 15.Nd5 Bxd5
16.exd5 Nd4 17.Nxd4 Bxd4 18.O-O O-O-O 19.c3 Be5 20.Bxe7 Rdg8 21.Bh4 Rg7 22.Kh1 Kb8
23.Bd3 Rhg8 24.Bf5 Qc5 25.Qd3 Bf6 26.Bxf6 Nxf6 27.Bh3 Ng4 28.Qf5 Ne5 29.Qe4 Qb6
30.b3 Qd8 31.Rae1 Qf6 32.Re3 Rg6 33.c4 Qg7 34.Rg1 Rf6 35.f4 Ng4 36.Rf3 Rg6
37.Qe2 f5 38.Qc2 Qd4 39.Rd1 Qf6 40.Qd2 Re8 41.Re1 Rgg8 42.Rff1 Qh4 43.Re6 Qg3
44.Bxg4 hxg4 45.Kg1 Rh8 46.Rxe8+ Rxe8 47.Qf2 Qc3 48.g3 Re3 49.Kg2 Qd3 50.Rh1 Re2  0-1

[Event "Munich op9192"]
[Site "Munich"]
[Date "1992.??.??"]
[Round "5"]
[White "Mueller, W."]
[Black "Kostic, Vladimir"]
[Result "0-1"]
[WhiteElo "2285"]
[BlackElo "2390"]

1.e4 c5 2.Nf3 d6 3.d4 cxd4 4.Nxd4 Nf6 5.Nc3 a6 6.Be3 e6 7.Qd2 Qc7 8.f3 Nbd7
9.g4 h6 10.O-O-O b5 11.Bd3 Ne5 12.Kb1 Nc4 13.Bxc4 bxc4 14.Qe2 g6 15.g5 hxg5
16.Bxg5 Bg7 17.f4 O-O 18.f5 Nh7 19.h4 Rb8 20.Bc1 Qc5 21.Na4 Qc7 22.Qg2 exf5
23.h5 g5 24.Bxg5 Nxg5 25.Qxg5 Kh7 26.h6 Bxd4 27.Rxd4 Rg8 28.Qf6 Rg6 29.Qh4 fxe4
30.Rxe4 Bb7 31.Re7 Bxh1 32.a3 Qa5 33.Rxf7+ Kg8 34.Qxc4 Bd5  0-1

[Event "Munich op9192"]
[Site "Munich"]
[Date "1992.??.??"]
[Round "7"]
[White "Palac, Mladen"]
[Black "Schlosser, Philipp"]
[Result "1-0"]
[WhiteElo "2495"]
[BlackElo "2485"]

1.e4 c5 2.Nf3 d6 3.d4 cxd4 4.Nxd4 Nf6 5.Nc3 a6 6.Be3 e6 7.Be2 Qc7 8.a4 b6
9.f4 Bb7 10.Bf3 Nbd7 11.Qe2 Rc8 12.O-O Qc4 13.Qe1 e5 14.Nb3 Be7 15.f5 Qc7
16.g4 h6 17.Qg3 Qb8 18.h4 Qa8 19.Qg2 Rxc3 20.bxc3 Nxe4 21.c4 Bxh4 22.a5 b5
23.cxb5 Bg5 24.Rfe1 d5 25.c4 O-O 26.cxd5 Bxe3+ 27.Rxe3 Ng5 28.b6 Re8 29.Rd1 e4
30.Bxe4 Nf6 31.Nc5 Ngxe4 32.Nxe4 Nxd5 33.Rxd5 Bxd5 34.Nf6+ gxf6 35.Rxe8+ Qxe8
36.Qxd5 Qe1+ 37.Kg2 Qe2+ 38.Kg3 Qe1+ 39.Kf4 Qf2+ 40.Ke4 Qg2+ 41.Kd4 Qd2+
42.Kc5 Qxa5+ 43.Kc6 Qc3+ 44.Kd7 Kg7 45.b7 Qb4 46.Kc7 Qe7+ 47.Kb6 Qe3+ 48.Qc5  1-0

[Event "NED-chT"]
[Site "NED"]
[Date "1992.??.??"]
[Round "?"]
[White "Riemersma, Liafbern"]
[Black "Van Laatum, Gozewijn"]
[Result "1-0"]
[WhiteElo "2410"]
[BlackElo "2380"]

1.e4 c5 2.Nf3 d6 3.d4 cxd4 4.Nxd4 Nf6 5.Nc3 a6 6.Be3 e6 7.f3 b5 8.g4 Bb7
9.g5 Nfd7 10.Qd2 Nb6 11.O-O-O N8d7 12.Bd3 Ne5 13.f4 Nbc4 14.Qe2 Nxd3+ 15.Qxd3 Be7
16.h4 O-O 17.f5 Qd7 18.f6 Bd8 19.fxg7 Kxg7 20.h5 Ne5 21.Qe2 b4 22.Bf4 Qc7
23.Nb1 Rc8 24.Nd2 a5 25.g6 Bf6 26.Rhg1 hxg6 27.hxg6 Rh8 28.Rdf1 Qc5 29.gxf7+ Kxf7
30.N2b3 Qc4 31.Bg5 Nd7 32.Rxf6+ Nxf6 33.Qf2  1-0

[Event "Nettetal"]
[Site "Nettetal"]
[Date "1992.??.??"]
[Round "8"]
[White "Lanka, Zigurds"]
[Black "Moiseev, Viktor"]
[Result "1-0"]
[WhiteElo "2490"]
[BlackElo "2480"]

1.e4 c5 2.Nf3 d6 3.d4 cxd4 4.Nxd4 Nf6 5.Nc3 a6 6.Be3 e5 7.Nb3 Be6 8.f4 Ng4
9.Bd2 Qb6 10.Qf3 exf4 11.Qxf4 Nd7 12.Be2 Nge5 13.Be3 Qd8 14.O-O-O Qf6 15.Qg3 Qg6
16.Bf4 Qxg3 17.Bxg3 Be7 18.Na5 Rb8 19.Nd5 Bxd5 20.Rxd5 O-O 21.Kb1 Rfc8 22.Rhd1 Rc7
23.c3 Re8 24.R5d4 b5 25.a4 bxa4 26.Rxa4 Rb8 27.Rb4 Rxb4 28.cxb4 Nb8 29.Rd5 Kf8
30.b5 axb5 31.Bxb5 f6 32.Bf2 Nbd7 33.b4 Rc8 34.Bxd7 Nxd7 35.b5 Rb8 36.Ba7 Ra8
37.Nc6 Rc8 38.Kb2 Kf7 39.Kb3 Bf8 40.Kb4 g6 41.Ka5 Re8 42.Rd4 f5 43.exf5 gxf5
44.Rd2 Re1 45.Ka6 Rb1 46.Bd4 d5 47.Ne5+ Ke6 48.Nxd7 Kxd7 49.Be5 Bb4 50.Rc2 Re1
51.Bf4 Ra1+ 52.Kb7 d4 53.Rc4 Bc3 54.b6 Bb2 55.Rc6 Ba3 56.Rc7+ Kd8 57.Kc6  1-0

[Event "Nettetal"]
[Site "Nettetal"]
[Date "1992.??.??"]
[Round "11"]
[White "Lanka, Zigurds"]
[Black "Schlosser, Philipp"]
[Result "0-1"]
[WhiteElo "2490"]
[BlackElo "2485"]

1.e4 c5 2.Nf3 d6 3.d4 cxd4 4.Nxd4 Nf6 5.Nc3 a6 6.Be3 e6 7.Be2 Qc7 8.g4 b5
9.g5 Nfd7 10.a3 Bb7 11.h4 Nb6 12.h5 N8d7 13.Rg1 Nc4 14.Bxc4 Qxc4 15.Qd2 b4
16.axb4 Qxb4 17.f4 Nc5 18.Rg4 Rc8 19.Rb1 Na4 20.Nxa4 Qxa4 21.b3 Qa2 22.Qc1 Qa5+
23.b4 Qc7 24.b5 Bxe4 25.b6 Qb7 26.Qa3 Be7 27.Qa4+ Qd7 28.Nb5 Bb7 29.Qd4 axb5
30.Qxg7 Rf8 31.Qxh7 Qc6 32.g6 Qf3  0-1

[Event "New York op"]
[Site "New York"]
[Date "1992.??.??"]
[Round "2"]
[White "Arnason, Jon L"]
[Black "Anderson, Renard"]
[Result "1-0"]
[WhiteElo "2515"]
[BlackElo "2270"]

1.e4 c5 2.Nf3 d6 3.d4 cxd4 4.Nxd4 Nf6 5.Nc3 a6 6.Be3 e5 7.Nf3 Qc7 8.a4 Be7
9.a5 Be6 10.Nd5 Nxd5 11.exd5 Bf5 12.c3 Nd7 13.Nd2 Bg6 14.Be2 O-O 15.O-O f5
16.f3 Kh8 17.Kh1 Nf6 18.Nc4 Rae8 19.Nb6 f4 20.Bg1 e4 21.fxe4 Nxe4 22.Bg4 Bf5
23.Rxf4 Bxg4 24.Qxg4 Rxf4 25.Qxf4 Bg5 26.Qf5 Bf6 27.Ra4 Qe7 28.Rc4 Nd2 29.Rc8 h6
30.Qe6 Rxc8 31.Nxc8 Qc7 32.Nxd6 Qxa5 33.Ne8  1-0

[Event "New York op"]
[Site "New York"]
[Date "1992.??.??"]
[Round "6"]
[White "Arnason, Jon L"]
[Black "Shneider, Aleksandr"]
[Result "0-1"]
[WhiteElo "2515"]
[BlackElo "2515"]

1.e4 c5 2.Nf3 d6 3.d4 cxd4 4.Nxd4 Nf6 5.Nc3 a6 6.Be3 e6 7.g4 h6 8.f3 b5 9.Qd2 Bb7
10.O-O-O Nbd7 11.h4 b4 12.Nce2 d5 13.Ng3 g6 14.g5 hxg5 15.hxg5 Rxh1 16.Nxh1 Nh5
17.Bh3 Qa5 18.Kb1 O-O-O 19.Nf2 Ne5 20.Qe1 dxe4 21.fxe4 Qc7 22.b3 Kb8 23.Nd3 Nxd3
24.cxd3 e5 25.Nc2 Nf4 26.Bf1 a5 27.Bxf4 exf4 28.d4 Qe7 29.e5 Qxg5 30.Bd3 Qg3
31.Qd2 g5 32.Bc4 Bg7 33.Re1 Rd7 34.d5 Qc3 35.Qxc3 bxc3 36.d6 f3 37.Nd4 f2
38.Re3 Bg2 39.Nf5 Bh8 40.Ng3 Ka7 41.Kc2 Kb6 42.a4 Ra7 43.Bb5 Ra8 44.d7 Bc6
45.Rxc3 Bxb5 46.axb5 Rd8 47.Rc6+ Kb7 48.Ne4 Rxd7 49.Nc5+ Ka8 50.b6 Rb7 51.Rc8+ Rb8
52.Rc7 Rxb6 53.Rxf7 Rf6 54.exf6 f1=Q 55.Rf8+ Ka7 56.Rxh8 Qf2+ 57.Kd3 Qxc5
58.Ke4 Kb6 59.Rh3 g4 60.Rd3 Qf2 61.Rd6+ Kc7 62.Re6 g3 63.Re7+ Kd6 64.Rg7 g2
65.f7 Qe2+  0-1

[Event "Nova Gorica (Women)"]
[Site "Nova Gorica"]
[Date "1992.??.??"]
[Round "?"]
[White "Mihevc, Narcisa"]
[Black "Baginskaite, Kamile"]
[Result "1/2-1/2"]
[WhiteElo "2140"]
[BlackElo "2280"]

1.e4 c5 2.Nf3 d6 3.d4 cxd4 4.Nxd4 Nf6 5.Nc3 a6 6.Be3 Ng4 7.Bc4 Qc7 8.Bb3 Nxe3
9.fxe3 e6 10.O-O Nc6 11.Nxc6 bxc6 12.Qf3 Ra7 13.Rf2 h5 14.Raf1 Rh6 15.Ne2 a5
16.Bc4 h4 17.a4 Qb6 18.Nd4 Ba6 19.Qe2 Rf6 20.Bxa6 Qxa6 21.Qxa6 Rxa6 22.Rxf6 gxf6
23.Rxf6 Ke7 24.Rf1 Rb6 25.b3 c5 26.Nb5 c4 27.Rd1 cxb3 28.cxb3 Rc6 29.Rd2 Kd7
30.Kf2 Bg7 31.Kf3 Be5 32.g3 hxg3 33.hxg3 Ke7 34.Rd1 Rc2 35.Rb1 Ra2 36.Na7 Kd7
37.Rc1 Rb2 38.Nc6 Rxb3 39.Nxe5+ dxe5 40.Rc5 Ra3 41.Rxa5 Ra2 42.Ra7+ Ke8 43.a5 Kf8
44.a6 Kg8 45.Kg4 Kg7  1/2-1/2

[Event "Odorheiu Secuiesc"]
[Site "Odorheiu Secuiesc"]
[Date "1992.??.??"]
[Round "?"]
[White "Varga, Zoltan"]
[Black "Bach, Adrian"]
[Result "1-0"]
[WhiteElo "2410"]
[BlackElo "2315"]

1.e4 c5 2.Nf3 d6 3.d4 cxd4 4.Nxd4 Nf6 5.Nc3 a6 6.Be3 e5 7.Nb3 Be6 8.Nd5 Nbd7
9.f3 Bxd5 10.exd5 Rc8 11.Rc1 Be7 12.Be2 Nh5 13.Qd2 h6 14.Na5 Rc7 15.g3 O-O
16.O-O f5 17.f4 exf4 18.gxf4 Nhf6 19.Bf3 Nc5 20.c4 Qd7 21.b4 Nce4 22.Qd3 Qa4
23.a3 Bd8 24.Bd1 Qe8 25.c5 Qg6+ 26.Kh1 Ng4 27.Bg1 Bh4 28.Rc2 Re7 29.Rg2 Rfe8
30.Nc4 h5 31.h3 b5 32.Nxd6 Nxd6 33.cxd6 Qxd6 34.hxg4 hxg4 35.Qxf5 g3 36.Qh5 Qf6
37.d6 Re1 38.Bb3+  1-0

[Event "Orel"]
[Site "Orel"]
[Date "1992.??.??"]
[Round "?"]
[White "Beshukov, Sergei"]
[Black "Savon, Vladimir A"]
[Result "1/2-1/2"]
[WhiteElo "2500"]
[BlackElo "2420"]

1.e4 c5 2.Nf3 d6 3.d4 cxd4 4.Nxd4 Nf6 5.Nc3 a6 6.Be3 Nc6 7.Be2 e5 8.Nb3 Be7
9.f3 O-O 10.Qd2 Be6 11.Nd5 Bxd5 12.exd5 Nb8 13.O-O Nfd7 14.f4 Bf6 15.fxe5 Bxe5
16.Nd4 g6 17.Kh1 Bg7 18.Rf3 Ne5 19.Rh3 Re8 20.Bh6 Bh8 21.Rf1 Nbd7 22.Bg5 Qc7
23.Qf4 Nf8 24.Bh6 Bg7 25.Bxg7 Kxg7 26.Rg3 Qd8 27.Nf5+ Kh8 28.Nh6 f6 29.h4 Qe7
30.c4 Ned7 31.Bd1 f5 32.a4 Rac8 33.b3 Nf6 34.h5 Ne4 35.Rh3  1/2-1/2

[Event "Oslo"]
[Site "Oslo"]
[Date "1992.??.??"]
[Round "7"]
[White "Hellers, Ferdinand"]
[Black "Malisauskas, Vidmantas"]
[Result "1/2-1/2"]
[WhiteElo "2510"]
[BlackElo "2490"]

1.e4 c5 2.Nf3 d6 3.d4 cxd4 4.Nxd4 Nf6 5.Nc3 a6 6.Be3 e5 7.Nb3 Be6 8.f4 exf4
9.Bxf4 Nc6 10.Qd2 d5 11.exd5 Nxd5 12.O-O-O Bb4 13.Qe1 Bxc3 14.bxc3 Qe7 15.Bd2 O-O-O
16.Kb1 Qa3 17.Bd3 Ndb4 18.cxb4 Rxd3 19.cxd3 Bxb3 20.axb3 Qxb3+ 21.Ka1  1/2-1/2

[Event "Oviedo rapid45"]
[Site "Oviedo"]
[Date "1992.??.??"]
[Round "4"]
[White "Shirov, Alexei"]
[Black "Sadler, Matthew"]
[Result "1/2-1/2"]
[WhiteElo "2655"]
[BlackElo "2485"]

1.e4 c5 2.Nf3 d6 3.d4 cxd4 4.Nxd4 Nf6 5.Nc3 a6 6.Be3 Ng4 7.Bg5 h6 8.Bh4 g5
9.Bg3 Bg7 10.Be2 h5 11.h3 h4 12.hxg4 hxg3 13.Rxh8+ Bxh8 14.fxg3 Nc6 15.Nb3 Be5
16.Qd2 Be6 17.Qc1 Qb6 18.Nd5 Bxd5 19.exd5 Nb4 20.c3 Nxd5 21.Bf3 Nf6 22.Qc2 a5
23.a4 Rc8 24.Qd2  1/2-1/2

[Event "Pardubice op"]
[Site "Pardubice"]
[Date "1992.??.??"]
[Round "8"]
[White "Svatos, Jan"]
[Black "Cimra, Jozef"]
[Result "0-1"]
[WhiteElo "2370"]
[BlackElo "2275"]

1.e4 c5 2.Nf3 d6 3.d4 cxd4 4.Nxd4 Nf6 5.Nc3 a6 6.Be3 e6 7.Qd2 b5 8.f3 Bb7
9.O-O-O Nbd7 10.g4 Nc5 11.g5 Nfd7 12.Kb1 Be7 13.h4 Qc7 14.h5 Ne5 15.Nb3 Nxf3
16.Qf2 Nxg5 17.Nxc5 dxc5 18.h6 g6 19.Bd3 O-O 20.Rdg1 f6 21.Rh4 b4 22.Nd1 c4
23.Bb6 Qc6 24.Be2 Nxe4 25.Qe3 f5 26.Rf4 e5  0-1

[Event "Paris-ch"]
[Site "Paris"]
[Date "1992.??.??"]
[Round "3"]
[White "Schabanel, Stephane"]
[Black "Marcantoni, Herve"]
[Result "0-1"]
[WhiteElo "2230"]
[BlackElo "2295"]

1.e4 c5 2.Nf3 d6 3.d4 cxd4 4.Nxd4 Nf6 5.Nc3 a6 6.Be3 e6 7.Be2 Be7 8.O-O O-O
9.f4 Qc7 10.a4 Rd8 11.a5 Nbd7 12.Bf3 Ne5 13.Qe2 Nc4 14.Nb3 Re8 15.Na4 Nd7
16.Qf2 Bd8 17.Rfd1 e5 18.f5 Nxa5 19.Nxa5 Qxa5 20.Nb6 Qxb6  0-1

[Event "Paris-ch"]
[Site "Paris"]
[Date "1992.??.??"]
[Round "4"]
[White "Guadalpi, David"]
[Black "Britton, Richard"]
[Result "0-1"]
[WhiteElo "2240"]
[BlackElo "2290"]

1.e4 c5 2.Nf3 d6 3.d4 cxd4 4.Nxd4 Nf6 5.Nc3 a6 6.Be3 e5 7.Nb3 Be7 8.f3 Be6
9.Qd2 Nbd7 10.a4 Nb6 11.a5 Nc4 12.Bxc4 Bxc4 13.Ra4 Rc8 14.Nc1 Qd7 15.b3 Bb5
16.Ra2 O-O 17.Nd5 Nxd5 18.exd5 Qf5 19.c4 Bd7 20.O-O Qg6 21.Ne2 f5 22.f4 Rce8
23.Rc2 Qf7 24.Qc3 exf4 25.Bxf4 g5 26.Bc1 f4 27.Bb2 Bf6 28.Qxf6 Qxf6 29.Bxf6 Rxf6
30.Nd4 Re3 31.Rd2 Rf7 32.Rc1 Rfe7 33.c5 dxc5 34.Rxc5 g4 35.d6 Re8 36.Nf5 Rxb3
37.Nh6+ Kf8 38.Rg5 Be6 39.Nxg4 Rd8 40.Nh6 Rb5 41.Rxb5 axb5 42.Rd4 Kg7 43.Rxf4 Kg6
44.h3 Rxd6 45.Ng4 Ra6 46.Re4 Bd5 47.Rd4 Bc6 48.Ne5+ Kf5 49.Nxc6 bxc6 50.Rh4 Rxa5
51.Rxh7 Ke4 52.Rh5 Kd4 53.Rh4+ Kd3 54.Rh5 Ra6  0-1

[Event "Parthenay op"]
[Site "Parthenay"]
[Date "1992.??.??"]
[Round "8"]
[White "Hellers, Ferdinand"]
[Black "Timoshchenko, Gennadi A"]
[Result "1-0"]
[WhiteElo "2500"]
[BlackElo "2515"]

1.e4 c5 2.Nf3 d6 3.d4 cxd4 4.Nxd4 Nf6 5.Nc3 a6 6.Be3 e6 7.f3 b5 8.g4 h6 9.h4 Bb7
10.Rg1 Nfd7 11.g5 Nc6 12.a3 Rc8 13.Nxc6 Bxc6 14.Qd2 hxg5 15.hxg5 Ne5 16.Rg3 Bb7
17.O-O-O Qc7 18.f4 Nc4 19.Bxc4 Qxc4 20.Bd4 a5 21.b3 Qc6 22.Re3 Qa6 23.f5 b4
24.axb4 axb4 25.Na4 Bc6 26.Nb6 Rb8 27.Nc4 Bb5 28.fxe6 Bxc4 29.bxc4 fxe6 30.e5 Rd8
31.exd6 Rxd6 32.c5 Rd7 33.Rde1 Be7 34.Rxe6 Qa3+ 35.Bb2 Qf3 36.Qxb4 Qg3 37.c6 Qxg5+
38.Kb1 Kf7 39.Qb3  1-0

[Event "Fishbecks"]
[Site "Pasadena"]
[Date "1992.??.??"]
[Round "?"]
[White "Lee, Dan"]
[Black "Schroer, Jonathan"]
[Result "0-1"]
[WhiteElo "2255"]
[BlackElo "2395"]

1.e4 c5 2.Nf3 d6 3.d4 cxd4 4.Nxd4 Nf6 5.Nc3 a6 6.Be3 e6 7.Qd2 Be7 8.O-O-O Ng4
9.f4 Nxe3 10.Qxe3 O-O 11.Bd3 Qb6 12.e5 Nc6 13.Qh3 g6 14.Nf3 Qe3+ 15.Kb1 Qxf4
16.Ne2 Qe3 17.exd6 Bxd6 18.Rhe1 e5 19.Qh4 Be7 20.Qg3 Qh6 21.h4 Qh5 22.Qh2 Be6
23.Ng3 Qh6 24.h5 Rfd8 25.Rh1 f5 26.Nh4 e4 27.hxg6 hxg6 28.Ngxf5 gxf5 29.Qg3+ Qg5
30.Qe1 Rac8 31.Rh3 Bd6  0-1

[Event "World op"]
[Site "Philadelphia"]
[Date "1992.??.??"]
[Round "3"]
[White "Byrne, Robert E"]
[Black "Machulsky, Anatoly D"]
[Result "1-0"]
[WhiteElo "2455"]
[BlackElo "2560"]

1.e4 c5 2.Nf3 d6 3.d4 cxd4 4.Nxd4 Nf6 5.Nc3 a6 6.Be3 e6 7.Be2 Qc7 8.a4 b6
9.f4 Bb7 10.Bf3 Nbd7 11.Qe2 Be7 12.O-O O-O 13.Rad1 Rfe8 14.Nb3 e5 15.Qf2 exf4
16.Bxf4 Ne5 17.h3 Nc4 18.Bc1 Bf8 19.Nd5 Nxd5 20.exd5 g6 21.g4 Bg7 22.c3 b5
23.axb5 axb5 24.Nd4 Qd7 25.Nc6 Ne5 26.Bg2 Rac8 27.Bf4 Nxc6 28.dxc6 Bxc6 29.Rxd6 Qb7
30.Rxc6 Rxc6 31.Bg5 Rec8 32.Bxc6 Rxc6 33.Rd1 h6 34.Be3 Rf6 35.Qg2 Qe7 36.Rd3 Ra6
37.Qf3 Ra1+ 38.Kg2 Qe6 39.Bf2 Qa2 40.Rd8+ Kh7 41.Rd7 Qxb2 42.Rxf7 Kh8 43.Qd5 Qb1
44.Qd8+ Kh7 45.Qd4 Qh1+ 46.Kg3  1-0

[Event "World op"]
[Site "Philadelphia"]
[Date "1992.??.??"]
[Round "8"]
[White "Seltzer, Robert"]
[Black "Byrne, Robert E"]
[Result "0-1"]
[WhiteElo "2270"]
[BlackElo "2455"]

1.e4 c5 2.Nf3 d6 3.d4 cxd4 4.Nxd4 Nf6 5.Nc3 a6 6.Be3 e5 7.Nf3 Be7 8.a4 Nc6
9.Bc4 O-O 10.O-O Be6 11.Bb3 Na5 12.Bxe6 fxe6 13.Qd3 Rc8 14.Rfd1 Nh5 15.Ne2 h6
16.b3 Qe8 17.c4 Qg6 18.Bd2 Nc6 19.b4 Kh8 20.Rdc1 d5 21.Ng3 Nxg3 22.hxg3 dxe4
23.Qc2 Qf5 24.Nh2 Nd4 25.Qd1 Qxf2+ 26.Kh1 Ne2 27.Ng4 Nxg3+ 28.Kh2 Nf1+ 29.Kh1 Qxd2  0-1

[Event "BCF-ch"]
[Site "Plymouth"]
[Date "1992.??.??"]
[Round "1"]
[White "Ryan, Joseph"]
[Black "Hodgson, Julian M"]
[Result "0-1"]
[WhiteElo "2275"]
[BlackElo "2535"]

1.e4 c5 2.Nf3 d6 3.d4 cxd4 4.Nxd4 Nf6 5.Nc3 a6 6.Be3 Ng4 7.Bg5 h6 8.Bh4 g5
9.Bg3 Bg7 10.Qd2 Nc6 11.Nb3 Be6 12.h4 Rg8 13.hxg5 hxg5 14.f3 Nge5 15.Nd5 b5
16.Bf2 Rb8 17.Qxg5 Nc4 18.Bxc4 bxc4 19.Nd4 Qa5+ 20.Kf1 Bxd4 21.Qxg8+ Kd7
22.Qxb8 Nxb8 23.Bxd4 Bxd5 24.Bc3 Qc5 25.Rh5 e5 26.exd5 Qxd5 27.Ke2 Qe6 28.Rd1 Nc6
29.Kf2 Kc7 30.f4 Qg4 31.Rh3 Qxd1  0-1

[Event "BCF-ch"]
[Site "Plymouth"]
[Date "1992.??.??"]
[Round "11"]
[White "Collinson, Adam"]
[Black "Hodgson, Julian M"]
[Result "0-1"]
[WhiteElo "2360"]
[BlackElo "2535"]

1.e4 c5 2.Nf3 d6 3.d4 cxd4 4.Nxd4 Nf6 5.Nc3 a6 6.Be3 Nbd7 7.Qd2 e6 8.f3 b5
9.g4 h6 10.h4 b4 11.Nce2 d5 12.exd5 Nxd5 13.Bf2 Bb7 14.O-O-O Bc5 15.Ng3 Qa5
16.Bc4 N7b6 17.Bb3 Nc3 18.Rde1 O-O-O 19.bxc3 bxc3 20.Qf4 Bxd4 21.Bxd4 Qa3+
22.Kd1 Rxd4+ 23.Qxd4 Bxf3+ 24.Ne2 Qb2  0-1

[Event "Rubinstein mem"]
[Site "Polanica Zdroj"]
[Date "1992.??.??"]
[Round "10"]
[White "Mainka, Romuald"]
[Black "Dorfman, Josif D"]
[Result "0-1"]
[WhiteElo "2550"]
[BlackElo "2610"]

1.e4 c5 2.Nf3 d6 3.d4 cxd4 4.Nxd4 Nf6 5.Nc3 a6 6.Be3 e6 7.Be2 Qc7 8.a4 b6
9.f4 Bb7 10.Bf3 Nbd7 11.Qe2 Rc8 12.O-O h5 13.Rad1 e5 14.Nb3 Be7 15.Qf2 g6
16.fxe5 dxe5 17.Be2 Rh7 18.Bg5 Ng8 19.Bxe7 Nxe7 20.Qh4 Nc5 21.Bc4 Nxe4 22.Nxe4 Bxe4
23.Qxe4 Qxc4 24.Qxe5 h4 25.Rfe1 Qc7 26.Qf6 h3 27.g3 Kf8 28.Nd4 Qb7 29.Re2 Nd5
30.Qf3 Kg8 31.Nb3 Rh5 32.Red2 Rf5 33.Qe4 Qe7 34.Qxe7 Nxe7 35.c3 Nc6 36.Re2 Re5
37.Rxe5 Nxe5 38.Nd4 Rc4 39.Ra1 Nd3 40.Ra2 a5 41.Ne2 Nc5 42.Nf4 Rxa4 43.Ra3 Rxa3
44.bxa3 Ne4 45.Nd5 b5 46.g4 Kg7 47.g5 Kf8 48.Kf1 Nd2+  0-1

[Event "Police op"]
[Site "Police"]
[Date "1992.??.??"]
[Round "10"]
[White "Zyla, Janusz"]
[Black "Germanavicius, Sarunas"]
[Result "0-1"]
[WhiteElo "2300"]
[BlackElo "2355"]

1.e4 c5 2.Nf3 d6 3.d4 cxd4 4.Nxd4 Nf6 5.Nc3 a6 6.Be3 e5 7.Nf3 Be7 8.Bc4 O-O
9.Bg5 Nbd7 10.Bxf6 Nxf6 11.Qd3 b5 12.Bb3 Bb7 13.Bd5 Nxd5 14.Nxd5 Rc8 15.c3 Bxd5
16.Qxd5 Rc5 17.Qd3 d5 18.O-O dxe4 19.Qxe4 f5 20.Qe2 Bf6 21.Rfd1 Qb6 22.a3 e4
23.Nd4 Rd5 24.Nc2 Re5 25.Ne3 f4 26.Nd5 f3 27.Nxb6 fxe2 28.Rd2 e3 29.fxe3 Bg5
30.Rxe2 Bxe3+ 31.Kh1 Ref5  0-1

[Event "Policka"]
[Site "Policka"]
[Date "1992.??.??"]
[Round "?"]
[White "Hansen, Sune Berg"]
[Black "Stodola, Jaroslav"]
[Result "0-1"]
[WhiteElo "2370"]
[BlackElo "2230"]

1.e4 c5 2.Nf3 d6 3.d4 cxd4 4.Nxd4 Nf6 5.Nc3 a6 6.Be3 e5 7.Nf3 h6 8.Bc4 Be6
9.Nd5 Nbd7 10.Nxf6+ Nxf6 11.Bxe6 fxe6 12.c3 Ng4 13.Qd3 Be7 14.O-O O-O 15.h3 Nxe3
16.Qxe3 Qc7 17.Rad1 Rf7 18.Ne1 Raf8 19.Nd3 Bg5 20.Qe2 Qc4 21.Nc1 Qc6 22.Nd3 Bd8
23.Rd2 a5 24.Rc2 Bb6 25.b3 Rf6 26.Qe1 Qe8 27.c4 Bd4 28.Qxa5 Qg6 29.Qe1 Rf3
30.Qe2 Rxh3 31.Rd1 Qg3 32.Qe1 Rh2 33.Kf1 Qxg2+ 34.Ke2 Bxf2  0-1

[Event "Pontevedra2"]
[Site "Pontevedra"]
[Date "1992.??.??"]
[Round "5"]
[White "Garcia Carbo, Marcial"]
[Black "Gallego, Victoriano"]
[Result "1-0"]
[WhiteElo "2300"]
[BlackElo "2405"]

1.e4 c5 2.Nf3 d6 3.d4 cxd4 4.Nxd4 Nf6 5.Nc3 a6 6.Be3 e5 7.Nb3 Be6 8.Qd2 Nbd7
9.f3 b5 10.g4 Nb6 11.g5 Nh5 12.Nd5 Bxd5 13.exd5 Rc8 14.Na5 Nxd5 15.Nb7 Nxe3
16.Nxd8 Nxc2+ 17.Kd1 Nxa1 18.Nxf7 Kxf7 19.Qd5+ Ke8 20.Qb7 Rd8 21.Qxa6 Be7
22.Bxb5+ Kf7 23.Qb7 Nf4 24.Kd2 Rb8 25.Bc4+ d5 26.Bxd5+ Nxd5 27.Qxd5+ Kf8
28.Qxe5 Rd8+ 29.Ke2 h6 30.Qf5+ Kg8  1-0

[Event "Pontevedra2"]
[Site "Pontevedra"]
[Date "1992.??.??"]
[Round "8"]
[White "Garcia Carbo, Marcial"]
[Black "Larrosa, Jose"]
[Result "0-1"]
[WhiteElo "2300"]
[BlackElo "2255"]

1.e4 c5 2.Nf3 d6 3.d4 cxd4 4.Nxd4 Nf6 5.Nc3 a6 6.Be3 e5 7.Nb3 Be6 8.Qd2 Nbd7
9.f3 b5 10.g4 Nb6 11.g5 Nfd7 12.Nd5 Rc8 13.a4 Bxd5 14.exd5 Nc4 15.Qf2 Nxe3
16.Qxe3 Be7 17.h4 Rxc2 18.axb5 axb5 19.Bxb5 O-O 20.Qd3 Rxb2 21.Qc3 Qb6 22.O-O-O Rxb3
23.Qxb3 Rb8  0-1

[Event "POR-ch"]
[Site "?"]
[Date "1992.??.??"]
[Round "7"]
[White "Santos, Carlos P"]
[Black "Ribeiro, Fernando"]
[Result "1-0"]
[WhiteElo "2325"]
[BlackElo "2205"]

1.Nc3 c5 2.Nf3 Nf6 3.e4 d6 4.d4 cxd4 5.Nxd4 a6 6.Be3 e5 7.Nb3 Be7 8.f3 Be6
9.Qd2 Nbd7 10.O-O-O b5 11.g4 Nb6 12.Na5 Qc7 13.g5 Nfd7 14.Nd5 Bxd5 15.exd5 Rc8
16.Kb1 Nxd5 17.Qxd5 Qxa5 18.Bh3 Qc7 19.f4 Rd8 20.Rhf1 exf4 21.Bxf4 O-O 22.Bf5 g6
23.Be6 Nb6 24.Bxf7+ Rxf7 25.Qxf7+ Kxf7 26.Bxd6+ Ke6 27.Rfe1+ Kf5 28.Re5+ Kg4
29.Rg1+  1-0

[Event "Porz op28"]
[Site "Porz"]
[Date "1992.??.??"]
[Round "4"]
[White "Vatter, Hans Joachim"]
[Black "Scholz, Christian"]
[Result "1/2-1/2"]
[WhiteElo "2300"]
[BlackElo "2325"]

1.e4 c5 2.Nf3 d6 3.d4 cxd4 4.Nxd4 Nf6 5.Nc3 a6 6.Be3 e5 7.Nf3 Qc7 8.a4 h6
9.Be2 Be6 10.O-O Nbd7 11.a5 Be7 12.h3 O-O 13.Nd5 Nxd5 14.exd5 Bf5 15.c4 Bg6
16.Ne1 Bg5 17.b4 f5 18.Bxg5 hxg5 19.Qd2 f4 20.Nf3 Qd8 21.Rfc1 Rc8 22.Nh2 Bf5
23.f3 Qf6 24.Bd3 e4 25.Bxe4 Bxe4 26.fxe4 Rxc4 27.Rxc4 Qxa1+ 28.Rc1 Qe5 29.Nf3 Qxe4
30.Nxg5 Qe3+ 31.Qxe3 fxe3 32.Re1 Rf5 33.Nf3 Rxd5 34.Rxe3 Ne5 35.Nxe5 dxe5
36.Rc3 Rd4 37.Rb3 Kf7 38.Kf2 Ke7 39.Ke3 Kf7 40.b5 Ra4 41.bxa6 bxa6 42.Rb7+ Kg8
43.Ra7 Rxa5 44.Ke4 Kh7 45.Kf5 Ra2 46.g4 Rh2  1/2-1/2

[Event "Prague DDM"]
[Site "Prague"]
[Date "1992.??.??"]
[Round "6"]
[White "Landenbergue, Claude"]
[Black "Stratil, Ladislav Jr"]
[Result "1/2-1/2"]
[WhiteElo "2390"]
[BlackElo "2370"]

1.e4 c5 2.Nf3 d6 3.d4 cxd4 4.Nxd4 Nf6 5.Nc3 a6 6.Be3 e5 7.Nf3 h6 8.Bc4 Be6
9.Bxe6 fxe6 10.Qd3 Nc6 11.O-O-O Rc8 12.Qc4 Kf7 13.Qa4 Be7 14.Rhg1 Qa5 15.Qb3 b5
16.g4 Qb4 17.g5 Qxb3 18.axb3 Nh5 19.Rg4 hxg5 20.Nxg5+ Bxg5 21.Rxg5 Rcd8 22.Rdg1 Rh7
23.Ne2 Nf6 24.f3  1/2-1/2

[Event "Prague Chip"]
[Site "Prague"]
[Date "1992.??.??"]
[Round "8"]
[White "Mainka, Romuald"]
[Black "Stohl, Igor"]
[Result "1/2-1/2"]
[WhiteElo "2455"]
[BlackElo "2560"]

1.e4 c5 2.Nf3 d6 3.d4 cxd4 4.Nxd4 Nf6 5.Nc3 a6 6.Be3 e6 7.Be2 Qc7 8.a4 b6
9.f4 Bb7 10.Bf3 Nbd7 11.O-O Be7 12.Qe2 O-O 13.g4 d5 14.e5 Ne4 15.Nxe4 dxe4
16.Bg2 Bd5 17.Rfd1 Rfd8 18.Bf2 Nc5 19.b4 Nd7 20.Bxe4 Bxb4 21.Bxd5 exd5 22.Rab1 Bc5
23.Kh1 Rac8 24.Nf5 g6 25.Bxc5 Nxc5 26.Nd6 Nxa4 27.Qxa6 Ra8 28.Qd3 Nc3 29.Nb5 Nxd1
30.Nxc7 Nf2+ 31.Kg1 Nxd3 32.Nxa8 Nxf4 33.Nxb6 Rb8 34.Rb4 d4 35.Nd5 Rxb4 36.Nxb4  1/2-1/2

[Event "Reykjavik"]
[Site "Reykjavik"]
[Date "1992.??.??"]
[Round "1"]
[White "Kotronias, Vasilios"]
[Black "Arnason, Jon L"]
[Result "1/2-1/2"]
[WhiteElo "2560"]
[BlackElo "2515"]

1.e4 c5 2.Nf3 d6 3.d4 cxd4 4.Nxd4 Nf6 5.Nc3 a6 6.Be3 e6 7.g4 e5 8.Nf5 g6
9.g5 gxf5 10.exf5 d5 11.gxf6 d4 12.Bc4 Qc7 13.Qd3 dxc3 14.O-O-O Nc6 15.Rhe1 cxb2+
16.Kb1 Bb4 17.Rg1 Rf8 18.f4 exf4 19.Bxf4 Qxf4 20.Rge1+ Bxe1 21.Rxe1+ Be6
22.fxe6 Qd4 23.exf7+ Kd8 24.Qxd4+ Nxd4 25.Rd1 Kc7 26.Rxd4 Rad8 27.Rg4 Kd6
28.Rg5 Rc8 29.Bb3 Rc5 30.Rg8 Rcc8 31.Rg7 h6 32.Kxb2 Ke5 33.Rg6 Kf5 34.Rxh6 Rh8
35.Rxh8 Rxh8 36.Kc3 Kxf6 37.Kb4 b6 38.Bc4  1/2-1/2